000 01060nmc a2200325 a 4500
003 AR-BaBNM
005 20251128205827.0
008 248019s1996 ||||||||||||||000 | spa||
020 _a84-331-0739-0
040 _cAR-BaBNM
245 1 0 _aManual de organización de instituciones educativas
260 _aMadrid
_bEscuela Española
_c1996
300 0 _a446 p.
_bgráfs.
490 0 _aEducación al día. Organización Escolar
504 _aBibliografía al final de cada capítulo
610 2 4 _aCongresos Interuniversitarios de Organización Escolar [1990-1996 : España]
650 4 _aTOMA DE DECISIONES
650 4 _aRELACION ESCUELA-COMUNIDAD
650 4 _aESTRUCTURA ADMINISTRATIVA
650 4 _aCONFLICTO SOCIAL
650 4 _aADMINISTRACION ESCOLAR
651 4 _aEspaña
653 0 _aGESTION INSTITUCIONAL
653 0 _aEVALUACION INSTITUCIONAL
653 0 _aINVESTIGACION EDUCATIVA
700 1 _aDomínguez Fernández, Guillermo
_ecoordinador
700 1 _aMesanza López, Jesús
_ecoordinador
942 _cBK
998 _carturo
999 _c12972
_d12972